| 000 | 01156nam a22002777a 4500 | ||
|---|---|---|---|
| 005 | 20100906104624.0 | ||
| 008 | 100906t xxu||||| |||| 00| 0 hin d | ||
| 010 | _aHIN-90401 | ||
| 020 |
_a8182800919 _c150.00 |
||
| 035 | _aHN-62747 | ||
| 037 | _bDBAD/PUN | ||
| 040 |
_aDPL _bHN |
||
| 082 | _a821 | ||
| 100 |
_918464 _aचन्द्रमणि 'चन्दन' |
||
| 245 |
_aद्वार मन केः _cचन्द्रमणि 'चन्दन' _bकाव्य-संग्रह / |
||
| 246 |
_aDwaar mun ke _bby Chandermain ' Chandan' |
||
| 260 |
_aदिल्ली _bअमृत प्रकाशन _c2010 |
||
| 270 |
_a1/5170, न.8, बलबीर नगर, शाहदरा _bदिल्ली _e110032 _k22325468 |
||
| 300 |
_a112पृ. _c22सेमी (सजिल्द) |
||
| 650 |
_91169 _aहिन्दी कविता |
||
| 650 | _918465 | ||
| 700 | _918865 | ||
| 700 | _918866 | ||
| 942 |
_2ddc _cHN _h821 _mचन्द्रम |
||
| 999 |
_c44557 _d44557 |
||